00679cam a2200217 a 450000500170000001000150001702000260003203500130005803500170007103700130008803700230010108200080012410000200013224501480015225000110030026000390031126000390035027000430038930000260043270000030045820031230185550.0 aENG-101700 c375.00a9789380599212 aEN-85233 aB-441076-080 bDBAD/PUB bAllied Publishers  a5411 aMazumdar, Manik10aRudiments of chemistry :cby Manik MazumdarbMCQ and short questions for West Bengal joint entrance, AIEEE and other competitive examinations / a4th ed aKolkatabAcademic Publishersc2010 aKolkatabAcademic Publishersc2011 a5A Bhawani Dutta LanebKolkatae7000731 axvi,978p.c24cm (pbk)